000 01453 a2200193 4500
003 Nust
005 20221123141542.0
040 _cNust
082 _a621.3813,BRO
100 _aBronwell, Arthur B.
_9103438
245 _aTheory and application of microwaves /
_cArthur B. Bronwell & Robert E. Beam
250 _a1st ed
260 _aNew York
_bMcGraw-Hill
_c1947
300 _axv, 470 p.
_billus
_cdiagrs
_e24 cm
505 _aIntroduction (Page-1), Charges in Electric Fields(page-6), Current , Power and Energy Relationships (page-27) The Physical Basis of Equivalent Circuits (Page-43), Negative – Grid Triode Oscillators and Amplifiers (Page-60), Transit-time Oscillators (Pae-74), Magnetron Oscillators (Page-112), Transmission –line Equations (Page-146), Graphical Solution of Transmission –line problems (Page-164), Transmissions – line Networks (Page-176), Transmitting and Receiving Systems (Page-213), Pulsed Systems Radar (Page-237), Maxwell’s Equations (Page-247), Propagation and Reflection of Plane Waves (Page-265), Solution of Electromagnetic – Field Problems (Page-293), Wave Guide (Page-318) Impedance Discontinuities in Guides Resonators (Page-357), Applications of Wave Guide and Resonators (Page-384), Linear Antennas and Arrays (Page-400), Impedance of Antennas (Page-424) Other Radiating Systems (Page-437).
600 _aBronwell Arthur B.
_9103439
650 _aTelecommunication Engineering
942 _2ddc
_cBK
999 _c181843
_d181843